01109naa#a2200229#i#4500001001600000005001700016011001400033100004100047102000700088200018800095210005800283215001000341608004500351675012900396700006000525700005800585700005200643700005200695700006400747700005600811856001200867RU\\bibl\12662320260630110136.2##a2587-6740##a20260615b2026####ek#y0rusy0150####ca##aRU1#aИспользование БПЛА в составлении картографической основы для кадастровых работeЖурнальная статья1#aМоскваcЭлектронная наукаd2026##a3 с.##aЖурнальная статья2local##aОбъекты и задачи государственного административного управления. 351#1aСидоровgАлександр Аркадьевич#1aНигматуллинgРуслан Наилевич#1aВасильеваgДарья Игоревна#1aМичуринаgНадежда Юрьевна#1aАмосоваgАнтонина Александровна#1aХолоповgЮрий Александрович4#amshj.ru